000 00882nam a2200229Ii 4500
003 JO-AjNU
008 230605s9999||||xx |||||||||||||| ||und||
017 _a1980/4121
020 _a977-306-242-2
040 _aJO-AjNU
_bara
_erda
_cJO-AjNU
041 _aara
050 1 4 _aBF200.S2 1980
100 3 _aفرج، صفوت,
_eauthor
_959400
245 0 0 _aالقياس النفسي
250 _aط1
264 3 1 _aالكويت دار الكتاب الحديث، 1980
300 _a764ص
_bيشتمل على مراجع 701-732ص، يشتمل على مصطلحات 735-746ص،يشتكل على دليل الاعلام 750-754ص، يشتمل علىفهرس موضوعات 755-764ص
336 _atext
_btxt
_2rdacontent
337 _aunmediated
_bn
_2rdamedia
338 _avolume
_bnc
_2rdacarrier
650 4 _aالقياس النفسي- الاختبارات النفسية
_959401
999 _aA26728
_c30296
_d30296